Los oficios o los deberes

Guardat en:
Dades bibliogràfiques
Autor principal: Cicerón, Marco Tulio (autor)
Format: Llibre
Idioma:espanyol
Publicat: Ciudad de México Porrúa 1975
Edició:2a. ed
Col·lecció:Sepan cuántos
Matèries:
Etiquetes: Afegir etiqueta
Sense etiquetes, Sigues el primer a etiquetar aquest registre!

MARC

LEADER 00000nam a2200000 a 4500
001 UCQ4721
003 CL-VaPUC
008 980910e19750000MX |||||||||||||||||spa|d
082 0 4 |a 875  |b CIC  |2 21 
100 |a Cicerón, Marco Tulio  |e autor  |9 255203 
245 1 4 |a Los oficios o los deberes 
246 1 0 |a De la vejez 
246 1 0 |a De la amistad 
250 |a 2a. ed 
300 |a 155 p 
942 |c BK 
945 |d 19980910 00:00:00  |a lriquelm 
260 |a Ciudad de México  |b Porrúa  |c 1975 
650 0 |a Oratoria latina  |9 266621 
650 0 |a Oratoria  |9 307605 
583 |a last modification  |c 19980910 00:00:00  |k Rodrigo Vera 
490 0 |a Sepan cuántos 
999 |c 275025  |d 275023 
952 |0 0  |1 0  |4 0  |6 875_000000000000000_CIC_1975  |7 0  |8 A  |9 311533  |a BIBEDU  |b BIBEDU  |d 2019-11-20  |i 290621K  |o 875 CIC 1975  |p 290621K  |r 2019-11-20  |w 2019-11-20  |y BK  |k LIT 
952 |0 0  |1 0  |4 0  |6 875_000000000000000_CIC_1975  |7 0  |8 A  |9 311534  |a BIBART  |b BIBART  |d 2019-11-20  |i 1206370  |o 875 CIC 1975  |p 1206370  |r 2025-03-13  |w 2019-11-20  |y BK  |k ART